Data interpretation : (Record no. 137150)

MARC details
000 -LEADER
fixed length control field 00618nam a22002057a 4500
010 ## - LIBRARY OF CONGRESS CONTROL NUMBER
LC control number B-010251
020 ## - INTERNATIONAL STANDARD BOOK NUMBER
Terms of availability 75.00
035 ## - SYSTEM CONTROL NUMBER
System control number B-010251
037 ## - SOURCE OF ACQUISITION
Source of stock number/acquisition Cen Lib / Ret
040 ## - CATALOGING SOURCE
Original cataloging agency DPL
Language of cataloging En
082 ## - DEWEY DECIMAL CLASSIFICATION NUMBER
Classification number 153.93
Item number PRA
100 ## - MAIN ENTRY--PERSONAL NAME
Personal name Prashant Kumar
245 ## - TITLE STATEMENT
Title Data interpretation :
Remainder of title 10 sets of full leghth test papers with explanatory answers /
Statement of responsibility, etc by Prashant Kumar
260 ## - PUBLICATION, DISTRIBUTION, ETC. (IMPRINT)
Place of publication, distribution, etc New Delhi
Name of publisher, distributor, etc Cosmos Bookhive P Ltd
270 ## - ADDRESS
Address 47/30 East Paptel Nagar
City New Delhi
300 ## - PHYSICAL DESCRIPTION
Extent 115p ;
Dimensions 27cm(Hb)
650 ## - SUBJECT ADDED ENTRY--TOPICAL TERM
Topical term or geographic name as entry element General test
650 ## - SUBJECT ADDED ENTRY--TOPICAL TERM
Topical term or geographic name as entry element Taking strategies
942 ## - ADDED ENTRY ELEMENTS (KOHA)
Source of classification or shelving scheme Dewey Decimal Classification
Koha item type English Books
Classification part 153.93
Call number suffix PRA
Holdings
Withdrawn status Lost status Damaged status Not for loan Home library Current library Date acquired Source of acquisition Cost, normal purchase price Total Checkouts Full call number Barcode Date last seen Date checked out Copy number Cost, replacement price Price effective from Koha item type
        Central Library Central Library 21/03/2016 Cen Lib/Ret 75.00 1 153.93 PRA B-010251 02/03/2020 14/02/2020 1 75.00 21/03/2016 English Books

© Delhi Public Library
Hit Counter
free hit counter